[Event "25th Abu Dhabi Master 2018"]
[Site "Abu Dhabi"]
[Date "2018.08.12"]
[Round "6"]
[White "Raja, Rithvik R"]
[Black "Sharma, Dinesh Kumar"]
[Result "1/2-1/2"]
[WhiteElo "2436"]
[BlackElo "2275"]
[Annotator "TA"]
[PlyCount "141"]
[EventDate "2018.08.05"]
[EventType "swiss"]
[EventCountry "UAE"]
[SourceTitle "playchess.com"]
[Source "ChessBase"]
[SourceQuality "1"]

1. d4 Nf6 2. c4 e6 3. g3 d5 4. Nf3 Bb4+ 5. Bd2 Bd6 6. Nc3 c6 7. Qc2 Nbd7 8. e4 dxe4 9. Nxe4 Be7 10. Bg2 Nxe4 11. Qxe4 Qb6 12. Qc2 Bf6 13. c5 Qd8 14. O-O O-O 15. Rad1 e5 16. dxe5 Nxe5 17. Bg5 Nxf3+ 18. Bxf3 Bxg5 19. Rxd8 Rxd8 20. h4 Bf6 21. b4 a6 22. a4 Be6 23. Re1 Rd4 24. Qb1 Rc8 25. Kg2 g6 26. h5 Kg7 27. Rd1 Rxd1 28. Qxd1 Rd8 29. Qc1 gxh5 30. b5 axb5 31. axb5 Bd5 32. b6 Bxf3+ 33. Kxf3 Rd3+ 34. Kg2 Rc3 35. Qf4 Rxc5 36. Qc7 Rb5 37. Qxb7 Bd4 38. Qd7 Bxb6 39. Qxc6 Rb1 40. Qe4 Rb5 41. Qc6 Rb1 42. Qc3+ Kg8 43. Qc8+ Kg7 44. Qf5 Rb4 45. Qe5+ Kg8 46. Qg5+ Kf8 47. Qh6+ Kg8 48. Qg5+ Kf8 49. Qxh5 Rb2 50. Qh6+ Kg8 51. Qg5+ Kf8 52. Kh3 Bxf2 53. Qf6 Rb6 54. Qxf2 Rg6 55. g4 h6 56. Qc5+ Kg7 57. Qe5+ Kg8 58. Kg3 Re6 59. Qb8+ Kg7 60. Qb2+ Kg8 61. Kh4 Rg6 62. Kh5 Re6 63. Qc2 Kg7 64. Qc3+ Kg8 65. g5 hxg5 66. Kxg5 Rg6+ 67. Kf5 Re6 68. Qd4 Rg6 69. Qd7 Re6 70. Qxe6 fxe6+ 71. Kxe6 1/2-1/2

[Event "25th Abu Dhabi Master 2018"]
[Site "Abu Dhabi"]
[Date "2018.08.12"]
[Round "6"]
[White "Ikeda, Junta"]
[Black "Raetsky, Alexander"]
[Result "0-1"]
[WhiteElo "2419"]
[BlackElo "2380"]
[Annotator "TA"]
[PlyCount "114"]
[EventDate "2018.08.05"]
[EventType "swiss"]
[EventCountry "UAE"]
[SourceTitle "playchess.com"]
[Source "ChessBase"]
[SourceQuality "1"]

1. Nf3 d5 2. g3 Nc6 3. d4 Bg4 4. Bg2 Qd7 5. O-O f6 6. c4 e6 7. cxd5 exd5 8. Nc3 O-O-O 9. a3 Kb8 10. Qa4 Nge7 11. e3 Bh3 12. b4 Nc8 13. Qc2 g5 14. b5 N6e7 15. a4 h5 16. Ba3 h4 17. Bxe7 Nxe7 18. Rfe1 Bxg2 19. Kxg2 hxg3 20. fxg3 Nf5 21. Kg1 Bb4 22. Re2 Rde8 23. Nd1 g4 24. Nh4 Nxh4 25. gxh4 Rxh4 26. Ra2 Reh8 27. Rg2 f5 28. Qb3 Bd6 29. Nc3 Qh7 30. Qc2 g3 31. hxg3 Bxg3 32. Rxg3 Rh1+ 33. Kf2 Rh2+ 34. Rg2 Rxg2+ 35. Kxg2 Qh1+ 36. Kf2 Rh2+ 37. Kg3 Qg1+ 38. Kf4 Qf1+ 39. Ke5 Rxc2 40. Rxc2 Qd3 41. Rh2 Qxe3+ 42. Kxd5 a5 43. Rh8+ Ka7 44. Kc4 Qe6+ 45. Kd3 f4 46. Rf8 Qe3+ 47. Kc4 Qe6+ 48. Kd3 Qe3+ 49. Kc4 c6 50. d5 Qe7 51. Rf5 Qb4+ 52. Kd3 c5 53. d6 Qd4+ 54. Kc2 Qxd6 55. b6+ Ka6 56. Nd5 Qg6 57. Ne7 Qh7 0-1

[Event "25th Abu Dhabi Master 2018"]
[Site "Abu Dhabi"]
[Date "2018.08.12"]
[Round "6"]
[White "Jonkman, Harmen"]
[Black "Srinivasa Rao, M.."]
[Result "1-0"]
[WhiteElo "2404"]
[BlackElo "2160"]
[Annotator "TA"]
[PlyCount "61"]
[EventDate "2018.08.05"]
[EventType "swiss"]
[EventCountry "UAE"]
[SourceTitle "playchess.com"]
[Source "ChessBase"]
[SourceQuality "1"]

1. e4 c5 2. Nf3 d6 3. c3 Nf6 4. h3 e6 5. Bd3 Be7 6. O-O O-O 7. Re1 Nc6 8. Bf1 Bd7 9. d3 Rb8 10. a4 a6 11. Nbd2 b5 12. axb5 axb5 13. d4 b4 14. dxc5 bxc3 15. bxc3 dxc5 16. Nc4 Qc7 17. g3 e5 18. Nfxe5 Ra8 19. Rxa8 Rxa8 20. Nxd7 Qxd7 21. e5 Qxd1 22. Rxd1 Ne4 23. Bb2 Ra4 24. Rd7 Bf8 25. Rc7 Ne7 26. Bd3 Nd5 27. Rc8 Ne7 28. Re8 Ng5 29. Kg2 g6 30. Nb6 Ra7 31. Bc1 1-0

[Event "25th Abu Dhabi Master 2018"]
[Site "Abu Dhabi"]
[Date "2018.08.12"]
[Round "6"]
[White "Raghunandan, Kaumandur Srihari"]
[Black "Gupta, Abhijeet"]
[Result "0-1"]
[WhiteElo "2404"]
[BlackElo "2614"]
[Annotator "TA"]
[PlyCount "108"]
[EventDate "2018.08.05"]
[EventType "swiss"]
[EventCountry "UAE"]
[SourceTitle "playchess.com"]
[Source "ChessBase"]
[SourceQuality "1"]

1. d4 Nf6 2. c4 g6 3. Nc3 d5 4. cxd5 Nxd5 5. Bd2 Bg7 6. e4 Nb6 7. Be3 O-O 8. h3 e5 9. dxe5 Bxe5 10. Nf3 Bg7 11. Qxd8 Rxd8 12. Bf4 Nc6 13. Bxc7 Re8 14. Bxb6 axb6 15. Bd3 Nb4 16. Bb5 Bxc3+ 17. bxc3 Nc2+ 18. Kd2 Nxa1 19. Bxe8 Rxa2+ 20. Ke3 Kf8 21. Bb5 Nc2+ 22. Kf4 Na3 23. Bd3 Be6 24. Ke3 b5 25. Re1 Nc2+ 26. Bxc2 Rxc2 27. Nd4 Rxc3+ 28. Kd2 Rc4 29. Nxb5 Rb4 30. Nc3 Ke7 31. Kc2 Kd6 32. Ra1 Kc6 33. g4 Rd4 34. Ra8 b5 35. Ra6+ Kc5 36. Ra5 Bc4 37. Ra7 Rd3 38. e5 Rf3 39. Ne4+ Kd4 40. e6 Bxe6 41. Ng5 Rxf2+ 42. Kd1 h6 43. Nxe6+ fxe6 44. Rd7+ Kc4 45. Rg7 Rf6 46. h4 e5 47. g5 hxg5 48. hxg5 Rb6 49. Kc2 b4 50. Rf7 b3+ 51. Kb2 Kd5 52. Rf3 e4 53. Rf8 e3 54. Rd8+ Ke5 0-1

[Event "25th Abu Dhabi Master 2018"]
[Site "Abu Dhabi"]
[Date "2018.08.12"]
[Round "6"]
[White "Arjun, Kalyan"]
[Black "Krishnater, Kushager"]
[Result "1/2-1/2"]
[WhiteElo "2390"]
[BlackElo "2256"]
[Annotator "TA"]
[PlyCount "65"]
[EventDate "2018.08.05"]
[EventType "swiss"]
[EventCountry "UAE"]
[SourceTitle "playchess.com"]
[Source "ChessBase"]
[SourceQuality "1"]

1. e4 e5 2. Nf3 Nc6 3. Bb5 a6 4. Ba4 d6 5. O-O Bd7 6. Re1 g5 7. Bxc6 bxc6 8. d4 g4 9. Nfd2 exd4 10. Nb3 Ne7 11. Bg5 Bg7 12. Nxd4 f6 13. Be3 O-O 14. Nc3 Qe8 15. Qd3 Qh5 16. Nce2 f5 17. Ng3 fxe4 18. Nxh5 exd3 19. Nxg7 Kxg7 20. Bh6+ Kxh6 21. Rxe7 Rf4 22. Rxd7 Rxd4 23. cxd3 Rxd3 24. Rxc7 c5 25. Re1 Rf8 26. Kf1 Rd2 27. Re6+ Kg5 28. Rg7+ Kf5 29. Re2 Rd1+ 30. Re1 Rd2 31. Re2 Rd1+ 32. Re1 Rd2 33. Re2 1/2-1/2

[Event "25th Abu Dhabi Master 2018"]
[Site "Abu Dhabi"]
[Date "2018.08.12"]
[Round "6"]
[White "Rakesh, Kumar Jena"]
[Black "Dixit, Nikhil"]
[Result "1-0"]
[WhiteElo "2385"]
[BlackElo "2240"]
[Annotator "TA"]
[PlyCount "49"]
[EventDate "2018.08.05"]
[EventType "swiss"]
[EventCountry "UAE"]
[SourceTitle "playchess.com"]
[Source "ChessBase"]
[SourceQuality "1"]

1. d4 Nf6 2. Nf3 g6 3. Bg5 Bg7 4. Nbd2 O-O 5. c3 d6 6. e4 b6 7. Bd3 Bb7 8. Qe2 Nfd7 9. h4 h6 10. Be3 e5 11. h5 g5 12. d5 c6 13. c4 Nc5 14. Bc2 cxd5 15. exd5 e4 16. Nxe4 Nxe4 17. Bxe4 f5 18. Bc2 f4 19. Qd3 fxe3 20. Qh7+ Kf7 21. fxe3 Qe7 22. Bg6+ Kf6 23. O-O Qxe3+ 24. Kh1 Rh8 25. Ne5+ 1-0

[Event "25th Abu Dhabi Master 2018"]
[Site "Abu Dhabi"]
[Date "2018.08.12"]
[Round "6"]
[White "Anand, Nadar"]
[Black "Bhambure, Shantanu"]
[Result "1/2-1/2"]
[WhiteElo "2377"]
[BlackElo "2194"]
[Annotator "TA"]
[PlyCount "69"]
[EventDate "2018.08.05"]
[EventType "swiss"]
[EventCountry "UAE"]
[SourceTitle "playchess.com"]
[Source "ChessBase"]
[SourceQuality "1"]

1. d4 d5 2. c4 c6 3. Nc3 Nf6 4. Nf3 e6 5. e3 Nbd7 6. Qc2 Bd6 7. Be2 dxc4 8. a4 e5 9. Bxc4 O-O 10. Ba2 exd4 11. Nxd4 Re8 12. h3 Nc5 13. O-O Nce4 14. Nce2 Qe7 15. f4 Bd7 16. Bc4 a6 17. a5 c5 18. Nf3 Bc6 19. Rd1 Rad8 20. b3 Bc7 21. Bb2 Nd5 22. Bxd5 Bxd5 23. Be5 Bxe5 24. Nxe5 f6 25. Nc4 Bc6 26. Rxd8 Rxd8 27. Rd1 Rd7 28. Rxd7 Qxd7 29. Nc3 Nxc3 30. Qxc3 Qd1+ 31. Kf2 Qh1 32. e4 Bxe4 33. Ne3 Qb1 34. Qc4+ Kh8 35. Qxc5 1/2-1/2

[Event "25th Abu Dhabi Master 2018"]
[Site "Abu Dhabi"]
[Date "2018.08.12"]
[Round "6"]
[White "Kulkarni, Chinmay"]
[Black "Jubin, Jimmy"]
[Result "1/2-1/2"]
[WhiteElo "2355"]
[BlackElo "2267"]
[Annotator "TA"]
[PlyCount "99"]
[EventDate "2018.08.05"]
[EventType "swiss"]
[EventCountry "UAE"]
[SourceTitle "playchess.com"]
[Source "ChessBase"]
[SourceQuality "1"]

1. e4 c6 2. d4 d5 3. Nd2 dxe4 4. Nxe4 Nd7 5. Ng5 Ngf6 6. Bd3 e6 7. N1f3 Bd6 8. Qe2 h6 9. Ne4 Nxe4 10. Qxe4 Nf6 11. Qe2 Qc7 12. Bd2 b6 13. O-O-O Bb7 14. Rhe1 O-O-O 15. Ne5 c5 16. dxc5 Bxe5 17. Qxe5 Qxe5 18. Rxe5 Nd7 19. Re3 Nxc5 20. Bf1 Rd7 21. Rc3 Kd8 22. f3 Ke7 23. b4 Na6 24. Ra3 Nb8 25. Rxa7 Bd5 26. Rxd7+ Nxd7 27. Kb2 Ne5 28. Bc3 Nc4+ 29. Bxc4 Bxc4 30. Bxg7 Rg8 31. Bxh6 Rxg2 32. Rd2 Rg6 33. Be3 b5 34. Bd4 Rh6 35. f4 Rh4 36. Be5 f6 37. Bc7 Rh3 38. Rf2 Rh5 39. Bb6 e5 40. fxe5 fxe5 41. a3 Ke6 42. Bc5 Rh3 43. Rd2 Kf5 44. Bg1 e4 45. Rf2+ Kg4 46. Rg2+ Kf3 47. Rf2+ Kg4 48. Rd2 Kf3 49. Rf2+ Kg4 50. Rg2+ 1/2-1/2

[Event "25th Abu Dhabi Master 2018"]
[Site "Abu Dhabi"]
[Date "2018.08.12"]
[Round "6"]
[White "Omar, Noaman"]
[Black "Song, Yuxin"]
[Result "1-0"]
[WhiteElo "2353"]
[BlackElo "2126"]
[Annotator "TA"]
[PlyCount "23"]
[EventDate "2018.08.05"]
[EventType "swiss"]
[EventCountry "UAE"]
[SourceTitle "playchess.com"]
[Source "ChessBase"]
[SourceQuality "1"]

1. d4 Nf6 2. c4 e6 3. Nc3 Bb4 4. g3 O-O 5. Bg2 d5 6. Nf3 c6 7. O-O Nbd7 8. Qb3 Be7 9. Bf4 Nh5 10. Bd2 f5 11. a4 a5 12. Rfd1 1-0

[Event "25th Abu Dhabi Master 2018"]
[Site "Abu Dhabi"]
[Date "2018.08.12"]
[Round "6"]
[White "Samhouri, Admah Fawzi"]
[Black "Srija, Seshadri"]
[Result "1-0"]
[WhiteElo "2348"]
[BlackElo "2255"]
[Annotator "TA"]
[PlyCount "113"]
[EventDate "2018.08.05"]
[EventType "swiss"]
[EventCountry "UAE"]
[SourceTitle "playchess.com"]
[Source "ChessBase"]
[SourceQuality "1"]

1. e4 e5 2. Nf3 Nc6 3. Bb5 a6 4. Ba4 Nf6 5. O-O b5 6. Bb3 Bc5 7. c3 d6 8. d4 Bb6 9. Bg5 h6 10. Bh4 g5 11. Bg3 Bg4 12. Qd3 Bxf3 13. Qxf3 exd4 14. Bd5 Nxd5 15. exd5 Ne5 16. Re1 O-O 17. Bxe5 dxe5 18. Rxe5 Qd6 19. Rf5 Rae8 20. Nd2 dxc3 21. bxc3 Re5 22. Ne4 Rxf5 23. Qxf5 Qg6 24. Qxg6+ fxg6 25. Kf1 Kg7 26. h3 h5 27. Ke2 g4 28. hxg4 hxg4 29. a4 Re8 30. f3 gxf3+ 31. gxf3 Rd8 32. a5 Ba7 33. Rd1 Kf7 34. Rh1 Kg7 35. Ng5 Kf6 36. Ne4+ Kg7 37. Rh2 Bb8 38. Nc5 Re8+ 39. Kd3 c6 40. Re2 Rc8 41. Re7+ Kf8 42. Rb7 Bd6 43. Nxa6 cxd5 44. Rxb5 Be5 45. Rc5 Rxc5 46. Nxc5 Ke7 47. Na4 Kd7 48. a6 Bb8 49. Nb6+ Kc6 50. Nc8 Bh2 51. Ne7+ Kb6 52. Nxg6 Kxa6 53. Kd4 Kb6 54. Kxd5 Kc7 55. f4 Kd7 56. f5 Ke8 57. Ke6 1-0

[Event "25th Abu Dhabi Master 2018"]
[Site "Abu Dhabi"]
[Date "2018.08.12"]
[Round "6"]
[White "Saravana, Krishnan P"]
[Black "Nitin, Shankar Madhu"]
[Result "0-1"]
[WhiteElo "2348"]
[BlackElo "1982"]
[Annotator "TA"]
[PlyCount "104"]
[EventDate "2018.08.05"]
[EventType "swiss"]
[EventCountry "UAE"]
[SourceTitle "playchess.com"]
[Source "ChessBase"]
[SourceQuality "1"]

1. e4 c5 2. Nf3 d6 3. Bc4 Nf6 4. d3 e6 5. Bb3 Be7 6. O-O O-O 7. Re1 b6 8. c3 Bb7 9. Bc2 Nc6 10. Nbd2 Rc8 11. Nf1 Qc7 12. Bf4 Ne5 13. Rc1 Qb8 14. Bg3 Ng6 15. Nh4 Qa8 16. Nxg6 hxg6 17. Bh4 Rc7 18. Qe2 b5 19. Rcd1 a6 20. Bb1 Qa7 21. Bg5 Nh5 22. Bxe7 Rxe7 23. Qe3 e5 24. a3 d5 25. Ba2 Nf6 26. Nd2 Ba8 27. Qg5 dxe4 28. dxe4 c4 29. b3 Qc5 30. bxc4 Qxa3 31. Bb1 Qxc3 32. Rc1 Qb4 33. cxb5 axb5 34. Nf3 Rfe8 35. Qh4 Bb7 36. Bd3 Qa5 37. Rc5 Ba6 38. Rec1 Qa3 39. R5c3 Qa4 40. Ng5 Rd7 41. Be2 Red8 42. g4 b4 43. Rh3 Rd1+ 44. Kg2 Nh5 45. gxh5 Bxe2 46. hxg6 Bf1+ 47. Kg3 Bxh3 48. Qxh3 Qa3+ 49. f3 Qxc1 50. gxf7+ Kf8 51. Ne6+ Kxf7 52. Nxd8+ Rxd8 0-1

[Event "25th Abu Dhabi Master 2018"]
[Site "Abu Dhabi"]
[Date "2018.08.12"]
[Round "6"]
[White "Sidhant, Mohapatra"]
[Black "Istratescu, Andrei"]
[Result "1/2-1/2"]
[WhiteElo "2341"]
[BlackElo "2573"]
[Annotator "TA"]
[PlyCount "123"]
[EventDate "2018.08.05"]
[EventType "swiss"]
[EventCountry "UAE"]
[SourceTitle "playchess.com"]
[Source "ChessBase"]
[SourceQuality "1"]

1. d4 Nf6 2. Nf3 e6 3. Bf4 b6 4. e3 Be7 5. h3 O-O 6. Nbd2 c5 7. c3 d5 8. Bd3 Ba6 9. Bxa6 Nxa6 10. Qe2 Nb8 11. O-O Nc6 12. Rad1 Qc8 13. Qb5 Qb7 14. dxc5 Bxc5 15. Rfe1 h6 16. Ne5 Rac8 17. Nxc6 Rxc6 18. e4 Rcc8 19. Be5 a6 20. Qd3 Nxe4 21. Nxe4 dxe4 22. Qxe4 Qxe4 23. Rxe4 Rfd8 24. Ree1 f6 25. Bf4 e5 26. Be3 Bxe3 27. fxe3 Kf7 28. Kf2 Ke6 29. e4 h5 30. Ke2 g6 31. Rxd8 Rxd8 32. Rd1 Rc8 33. Rd3 h4 34. b3 b5 35. c4 bxc4 36. Rc3 Kd6 37. bxc4 Kc5 38. Ra3 Kd4 39. Rxa6 Kxe4 40. Rxf6 Rxc4 41. Rxg6 Rc2+ 42. Kf1 Rxa2 43. Rg4+ Kd3 44. Rb4 e4 45. Rb3+ Kc4 46. Rb8 Kd4 47. Rb3 Rc2 48. g4 e3 49. Rb8 Rh2 50. Rd8+ Ke4 51. Re8+ Kf3 52. Rf8+ Kg3 53. g5 e2+ 54. Ke1 Kxh3 55. g6 Rg2 56. Rf3+ Kg4 57. Rf2 Rg1+ 58. Kxe2 Kh5 59. Rf1 Rxg6 60. Kf2 h3 61. Rg1 h2 62. Rh1 1/2-1/2

[Event "25th Abu Dhabi Master 2018"]
[Site "Abu Dhabi"]
[Date "2018.08.12"]
[Round "6"]
[White "Ahmad, Al Khatib"]
[Black "Lalith, Babu MR"]
[Result "1-0"]
[WhiteElo "2336"]
[BlackElo "2520"]
[Annotator "TA"]
[PlyCount "59"]
[EventDate "2018.08.05"]
[EventType "swiss"]
[EventCountry "UAE"]
[SourceTitle "playchess.com"]
[Source "ChessBase"]
[SourceQuality "1"]

1. e4 d6 2. d4 Nf6 3. Nc3 Nbd7 4. Nf3 e5 5. Bc4 Be7 6. O-O O-O 7. Re1 c6 8. a4 a5 9. h3 exd4 10. Qxd4 Nc5 11. Bf4 Ne6 12. Bxe6 Bxe6 13. Rad1 Ne8 14. Qe3 Qb8 15. Nd4 Bd8 16. Qg3 Bc7 17. Nd5 cxd5 18. exd5 Bd7 19. Bh6 g6 20. Qc3 f6 21. Bxf8 Kxf8 22. Ne6+ Kf7 23. Qe3 Bxe6 24. Qxe6+ Kf8 25. Qd7 Qd8 26. Qxh7 Bb6 27. Re2 f5 28. Rde1 Nf6 29. Qxg6 Ng8 30. Re8+ 1-0

[Event "25th Abu Dhabi Master 2018"]
[Site "Abu Dhabi"]
[Date "2018.08.12"]
[Round "6"]
[White "Siva, Mahadevan"]
[Black "Vignesh, NR."]
[Result "1/2-1/2"]
[WhiteElo "2331"]
[BlackElo "2464"]
[Annotator "TA"]
[PlyCount "122"]
[EventDate "2018.08.05"]
[EventType "swiss"]
[EventCountry "UAE"]
[SourceTitle "playchess.com"]
[Source "ChessBase"]
[SourceQuality "1"]

1. e4 e5 2. Nf3 Nc6 3. Bb5 Nf6 4. O-O Nxe4 5. Re1 Nd6 6. Nxe5 Be7 7. Bf1 Nxe5 8. Rxe5 O-O 9. Nc3 Ne8 10. Nd5 Bd6 11. Re1 c6 12. Ne3 Bc7 13. Nf5 d5 14. Ne7+ Kh8 15. Nxc8 Rxc8 16. d3 Qf6 17. Qg4 Bb6 18. Bf4 Qd4 19. Re2 Nf6 20. Qf5 Qxb2 21. Rae1 Bd4 22. Bd6 Rg8 23. c4 Qb6 24. Re7 Rce8 25. g4 Bc5 26. Bxc5 Qxc5 27. Rxe8 Nxe8 28. Qxf7 Nd6 29. Qe7 dxc4 30. dxc4 Qd4 31. h3 b5 32. c5 Nc4 33. Bg2 Qc3 34. Bxc6 Qxh3 35. Qd7 h5 36. Bd5 Nd2 37. Bg2 Nf3+ 38. Bxf3 Qxf3 39. Re5 Rf8 40. Rxh5+ Kg8 41. Qd5+ Qxd5 42. Rxd5 Rf4 43. g5 Rc4 44. Kf1 Kh7 45. c6 Rxc6 46. Rxb5 Ra6 47. Kg2 Rxa2 48. Kg3 Kg6 49. f4 Kh5 50. Rb7 Ra3+ 51. Kf2 g6 52. Rh7+ Kg4 53. Rg7 Ra6 54. Rf7 Ra4 55. Ke3 Ra1 56. Rf6 Kh5 57. Kf3 a5 58. Rf7 Ra3+ 59. Ke4 Kg4 60. Rf6 Rf3 61. Ke5 Re3+ 1/2-1/2

[Event "25th Abu Dhabi Master 2018"]
[Site "Abu Dhabi"]
[Date "2018.08.12"]
[Round "6"]
[White "Mithil, Ajgaonkar"]
[Black "Halvax, Georg"]
[Result "1-0"]
[WhiteElo "2318"]
[BlackElo "2437"]
[Annotator "TA"]
[PlyCount "93"]
[EventDate "2018.08.05"]
[EventType "swiss"]
[EventCountry "UAE"]
[SourceTitle "playchess.com"]
[Source "ChessBase"]
[SourceQuality "1"]

1. d4 d5 2. c4 e6 3. Nc3 c6 4. e3 Nf6 5. Nf3 Nbd7 6. Qc2 Bd6 7. b3 O-O 8. Be2 e5 9. cxd5 Nxd5 10. Nxd5 cxd5 11. dxe5 Nxe5 12. Nd4 Qg5 13. g3 Qf6 14. O-O Bh3 15. Rd1 Bb4 16. Bb2 Rac8 17. Qb1 Bc5 18. Nb5 d4 19. exd4 Nf3+ 20. Kh1 Rce8 21. Qd3 Nxh2 22. f3 Bf5 23. Qd2 Bb4 24. Bc3 Bd7 25. Kxh2 Qf5 26. Bf1 a5 27. Bxb4 axb4 28. Nd6 Qh5+ 29. Kg1 Re6 30. Nc4 Qxf3 31. Qg2 Qh5 32. Ne5 Bc8 33. Bc4 Rf6 34. Rf1 Qh6 35. Rxf6 gxf6 36. Nd3 Re8 37. Re1 Rxe1+ 38. Nxe1 Qg5 39. Qf2 b5 40. Bf1 Qc1 41. Bxb5 Be6 42. Bf1 Kg7 43. Nd3 Qd1 44. Nxb4 Bh3 45. Nd5 Bxf1 46. Qxf6+ Kg8 47. Ne3 1-0

[Event "25th Abu Dhabi Master 2018"]
[Site "Abu Dhabi"]
[Date "2018.08.12"]
[Round "6"]
[White "Kigigha, Bomo"]
[Black "Sarvesh Kumar, A."]
[Result "1-0"]
[WhiteElo "2317"]
[BlackElo "2145"]
[Annotator "NA RC"]
[PlyCount "93"]
[EventDate "2018.08.05"]
[EventType "swiss"]
[EventCountry "UAE"]
[SourceTitle "playchess.com"]
[Source "ChessBase"]
[SourceQuality "1"]

1. Nf3 d5 2. c4 c6 3. g3 Bg4 4. Ne5 Bf5 5. Qb3 Nd7 6. Nxd7 Qxd7 7. cxd5 Be4 8. f3 Bxd5 9. Qc2 e5 10. Nc3 Nf6 11. Bg2 Be7 12. b3 O-O 13. Bb2 Bd6 14. Nxd5 cxd5 15. Qd3 Rfe8 16. O-O b6 17. e3 Rad8 18. Qa6 Bb4 19. a3 Bd6 20. Rac1 Rc8 21. Rfe1 h5 22. Bf1 Rxc1 23. Rxc1 Qf5 24. Bg2 Qd7 25. b4 Nh7 26. f4 e4 27. d3 h4 28. dxe4 h3 29. Bf1 Rxe4 30. Qc8+ Qxc8 31. Rxc8+ Nf8 32. Bd4 g5 33. Bd3 Re7 34. Kf2 a5 35. b5 gxf4 36. gxf4 Rc7 37. Rxc7 Bxc7 38. Bf5 Ne6 39. Bxe6 fxe6 40. a4 Kf7 41. Kg3 Kg6 42. Kxh3 Kh5 43. Kg3 Bd8 44. Be5 Be7 45. Kh3 Bd8 46. Bd6 Bf6 47. Bc7 1-0

[Event "25th Abu Dhabi Master 2018"]
[Site "Abu Dhabi"]
[Date "2018.08.12"]
[Round "6"]
[White "Bhakti, Kulkarni"]
[Black "Ali, Nehad"]
[Result "1-0"]
[WhiteElo "2312"]
[BlackElo "2113"]
[Annotator "TA"]
[PlyCount "97"]
[EventDate "2018.08.05"]
[EventType "swiss"]
[EventCountry "UAE"]
[SourceTitle "playchess.com"]
[Source "ChessBase"]
[SourceQuality "1"]

1. d4 d5 2. c4 c6 3. Nc3 Nf6 4. e3 e6 5. Nf3 Nbd7 6. Bd3 a6 7. a4 Bb4 8. O-O O-O 9. Qc2 h6 10. Bd2 a5 11. Rfe1 b6 12. Ne2 Bxd2 13. Nxd2 Ba6 14. e4 dxc4 15. Bxc4 Bxc4 16. Nxc4 c5 17. Nd6 Qe7 18. Nb5 Rac8 19. d5 exd5 20. exd5 Rfe8 21. d6 Qe4 22. Qd2 Qb4 23. Nec3 Rcd8 24. Re7 Ne5 25. Qe2 Nc6 26. Nd5 Nxe7 27. Nxb4 Ned5 28. Qd2 Nxb4 29. f3 Rd7 30. Re1 Red8 31. Qc3 Nc6 32. Qb3 Nd4 33. Nxd4 cxd4 34. Re7 Rxe7 35. dxe7 Rd6 36. Qd3 g6 37. Qc4 Kg7 38. Qd3 h5 39. g4 hxg4 40. fxg4 g5 41. Qf5 Ne8 42. Qxg5+ Kh7 43. Qf5+ Kg7 44. Qg5+ Kh7 45. Qb5 Ng7 46. e8=Q Nxe8 47. Qxe8 Kg6 48. Qe4+ Kf6 49. g5+ 1-0

[Event "25th Abu Dhabi Master 2018"]
[Site "Abu Dhabi"]
[Date "2018.08.12"]
[Round "6"]
[White "Eric, Jovana"]
[Black "Michelle Catherina, P."]
[Result "1/2-1/2"]
[WhiteElo "2307"]
[BlackElo "2153"]
[Annotator "TA"]
[PlyCount "88"]
[EventDate "2018.08.05"]
[EventType "swiss"]
[EventCountry "UAE"]
[SourceTitle "playchess.com"]
[Source "ChessBase"]
[SourceQuality "1"]

1. e4 e5 2. Nf3 Nc6 3. Bb5 a6 4. Ba4 Nf6 5. d3 Bc5 6. Bxc6 dxc6 7. h3 Qe7 8. O-O Nd7 9. Nc3 O-O 10. a4 Rd8 11. Nd2 Nf8 12. Nc4 Ng6 13. Qh5 f6 14. Ne2 Be6 15. Ne3 Qf7 16. Ng3 Bf8 17. Nef5 c5 18. Qg4 c4 19. dxc4 Bxc4 20. Re1 Kh8 21. h4 Be6 22. Be3 Rd7 23. h5 Ne7 24. Qh4 Rad8 25. Nxe7 Bxe7 26. Nf5 Bb4 27. c3 Bf8 28. g4 Rd3 29. Kg2 Bd7 30. Ng3 Bc6 31. a5 Be7 32. Kg1 f5 33. Bg5 Bxg5 34. Qxg5 fxe4 35. h6 Rd2 36. Re2 R2d5 37. Nxe4 gxh6 38. Qxh6 Rd1+ 39. Rxd1 Rxd1+ 40. Kg2 Rd3 41. Kg1 Rd1+ 42. Kg2 Rd3 43. Kg1 Rd1+ 44. Kg2 Rd3 1/2-1/2

[Event "25th Abu Dhabi Master 2018"]
[Site "Abu Dhabi"]
[Date "2018.08.12"]
[Round "6"]
[White "Gupta, Sankalp"]
[Black "Kathmale, Sameer"]
[Result "1-0"]
[WhiteElo "2304"]
[BlackElo "2367"]
[Annotator "TA"]
[PlyCount "93"]
[EventDate "2018.08.05"]
[EventType "swiss"]
[EventCountry "UAE"]
[SourceTitle "playchess.com"]
[Source "ChessBase"]
[SourceQuality "1"]

1. e4 c6 2. d4 d5 3. Nd2 dxe4 4. Nxe4 Bf5 5. Ng3 Bg6 6. h4 h6 7. Nf3 Nd7 8. h5 Bh7 9. Bd3 Bxd3 10. Qxd3 e6 11. Bd2 Ngf6 12. O-O-O Bd6 13. Ne4 Nxe4 14. Qxe4 Nf6 15. Qe2 Bc7 16. c4 b5 17. Kb1 O-O 18. g4 bxc4 19. g5 hxg5 20. h6 Qd5 21. hxg7 Rfb8 22. Bxg5 Qe4+ 23. Qxe4 Nxe4 24. Rdg1 f6 25. Be3 Bg3 26. fxg3 Kxg7 27. Nd2 Nd6 28. Rc1 Rh8 29. Rxh8 Rxh8 30. Bf4 Nf5 31. Rxc4 Rh1+ 32. Kc2 Rg1 33. Kd3 Nxg3 34. Rxc6 Nh5 35. Be3 Rg3 36. Ke2 Kf7 37. Rc7+ Kg6 38. Rxa7 f5 39. a4 f4 40. Bf2 Rh3 41. Nf3 Nf6 42. a5 Rh1 43. Bg1 Rh5 44. Ne5+ Kf5 45. Rf7 Rg5 46. Bf2 f3+ 47. Nxf3 1-0

[Event "25th Abu Dhabi Master 2018"]
[Site "Abu Dhabi"]
[Date "2018.08.12"]
[Round "6"]
[White "Gomes, Mary Ann"]
[Black "Pranav, Vijay"]
[Result "1-0"]
[WhiteElo "2303"]
[BlackElo "2265"]
[Annotator "TA"]
[PlyCount "93"]
[EventDate "2018.08.05"]
[EventType "swiss"]
[EventCountry "UAE"]
[SourceTitle "playchess.com"]
[Source "ChessBase"]
[SourceQuality "1"]

1. Nf3 Nf6 2. g3 g6 3. b3 Bg7 4. Bb2 O-O 5. Bg2 c5 6. c4 d6 7. O-O e5 8. d3 Nc6 9. Nc3 h6 10. Ne1 Be6 11. Nd5 Nd7 12. a3 a5 13. Nc2 f5 14. e3 Kh7 15. f4 Bxd5 16. cxd5 Ne7 17. Rb1 b5 18. fxe5 Nxe5 19. d4 Nd7 20. dxc5 dxc5 21. Bxg7 Kxg7 22. d6 Ng8 23. Bxa8 Qxa8 24. b4 cxb4 25. axb4 a4 26. Qd4+ Ngf6 27. Na3 Rb8 28. Rbc1 Kf7 29. g4 Ke6 30. e4 Ne5 31. Rc7 Nfd7 32. exf5+ gxf5 33. Rxd7 Kxd7 34. Qxe5 Qe4 35. Qg7+ Kxd6 36. Rd1+ Ke6 37. Qd7+ Kf6 38. Rd6+ Kg5 39. Qg7+ Kf4 40. Rd4 Rc8 41. Rxe4+ fxe4 42. Kf2 Rc6 43. Qf7+ Ke5 44. Qf5+ Kd4 45. Qd7+ Kc3 46. Qxc6+ Kd2 47. Qc2# 1-0

[Event "25th Abu Dhabi Master 2018"]
[Site "Abu Dhabi"]
[Date "2018.08.12"]
[Round "6"]
[White "Hamidi, Amir Mohammad"]
[Black "Adnan, Habib Hana"]
[Result "1/2-1/2"]
[WhiteElo "2299"]
[BlackElo "2220"]
[Annotator "TA"]
[PlyCount "87"]
[EventDate "2018.08.05"]
[EventType "swiss"]
[EventCountry "UAE"]
[SourceTitle "playchess.com"]
[Source "ChessBase"]
[SourceQuality "1"]

1. d4 Nf6 2. Nf3 g6 3. g3 Bg7 4. Bg2 O-O 5. O-O d6 6. b3 c5 7. Bb2 cxd4 8. Nxd4 d5 9. c4 e5 10. Nc2 dxc4 11. bxc4 Qc7 12. Ne3 Nc6 13. Nc3 Be6 14. Ncd5 Qd7 15. Nxf6+ Bxf6 16. Qxd7 Bxd7 17. Nd5 Bd8 18. Rfd1 Be6 19. Ba3 Re8 20. Bd6 Rc8 21. c5 f6 22. Rab1 Na5 23. Rb5 Kf7 24. Rdb1 b6 25. cxb6 axb6 26. Nxb6 Bxb6 27. Rxb6 Rc2 28. R6b2 Rxb2 29. Rxb2 Rd8 30. Rb6 Nc4 31. Rb7+ Kg8 32. Rb8 Rxb8 33. Bxb8 Na3 34. f4 exf4 35. gxf4 Bxa2 36. Kf2 Nb5 37. Ke3 Bc4 38. Kf2 f5 39. Be5 Kf7 40. e3 Ke6 41. Kg3 Nd6 42. Kf2 Ne4+ 43. Ke1 Kd5 44. Bf3 1/2-1/2